Statistics for Artists by album cover

Click here to take the quiz!

General Stats

  • This quiz has been taken 35 times
  • The average score is 11 of 16

Answer Stats

Answer% Correct
Nirvana
100%
Taylor Swift
97%
David Bowie
93%
Pink Floyd
90%
Bruce Springsteen
80%
Ed Sheeran
77%
Gorillaz
73%
The Beatles
73%
Bob Marley&the Wailers
63%
Weezer
63%
OutKast
57%
Ramones
57%
The White Stripes
53%
Iron Maiden
47%
The Notorious B.I.G
40%
Megadeth
33%

Score Distribution

Percentile by Number Answered

Percent of People with Each Score

Your Score History

You have not taken this quiz